LEADER 01091nam a2200265 i 4500 001 000000155963 003 CaOOAMICUS 005 20061124000000.0 008 061124s1969 it u000 u ita u 013 $a133317 040 $aSeMil$bita 245 12$aL'opera completa di Giovanni Bellini /$cpresentazione di Renato Ghiotto ; apparati critici e filologici di Terisio Pignatti. 260 $aMilano :$bRizzoli,$c1969. 300 $a115 p. :$bill. ;$c32 cm. 490 0 $aClassici dell'arte ;$v20 500 $aContiene : Bibliografia essenziale. - Fondo Ciprandi. 700 1 $aPignatti, Terisio.$0(OLS)http://semarc/name/4850 700 1 $aGhiotto, Renato.$0(OLS)http://semarc/name/60980 830 0$aClassici dell'arte ;$v20.$0(OLS)http://semarc/title/529 850 $aSeMil 852 $aSeMil$W1$xVenegono$y1$m5L XI 28$j107784$B107784$CSeMilBibl$Z2$F117438 $81 941 1 $a1 961 $aOmaggio: Ciprandi dott. Paolo 996 $6245$aL'opera completa di Giovanni Bellini$9(OLS)http://semarc/title/228543 996 $6260$aMilano :$bRizzoli$9(OLS)http://semarc/publisher/29824 LEADER 01383nam a2200277 i 4500 001 000000355512 003 CaOOAMICUS 005 20250225113438.0 008 230928s2023 it u000 u ita u 020 $a978-88-7839-489-6 040 $aSeMil$bita 100 1 $a?okovi?, Milosav Z.$0(OLS)http://semarc/name/118348 245 13$aLe relazioni politico-ecclesiastiche tra la Santa Sede e la Serbia dal 1878 al 1918 /$cMilosav Z. ?okovi?. 264 1$aRoma :$bGBP, Gregorian & Biblical Press,$c2023. 300 $a375 p. ;$c24 cm 490 1 $aMiscellanea Historiae Pontificiae ;$v74 650 4$aSanta Sede e Serbia - Relazioni diplomatiche - 1878-1918.$0(OLS)http://semarc/subject/54516 650 4$aSanta Sede - Relazioni con la Serbia.$0(OLS)http://semarc/subject/47442 650 4$aSerbia - Storia ecclesiastica.$0(OLS)http://semarc/subject/57224 830 0$aMiscellanea Historiae Pontificiae ;$v74.$0(OLS)http://semarc/title/24 850 $aSeMil 852 $aSeMil$W1$xVenegono$y1$m3TA M 74$j254737$B246771$CSeMilBibl$Z2$F246771 $81 996 $6020$a978-88-7839-489-6$9(OLS)http://semarc/number/298987 996 $6245$aLe relazioni politico-ecclesiastiche tra la Santa Sede e la Serbia dal 1878 al 1918$9(OLS)http://semarc/title/445713 996 $6264$aRoma :$bGBP, Gregorian & Biblical Press$9(OLS)http://semarc/publisher/33573